| 000 | 00524nam a2200193Ia 4500 | ||
|---|---|---|---|
| 003 | OSt | ||
| 005 | 20250115123345.0 | ||
| 008 | 210210b1982 xxu||||| |||| 00| 0 eng d | ||
| 040 | _cAL | ||
| 041 | _aKannada | ||
| 082 | _aK894.3 GATS | ||
| 100 |
_aGATTI (K T). _dಗಟ್ಟಿ (ಕೆ ಟಿ) _9193530 |
||
| 245 |
_aShilatapasvi. _b) ಶಿಲಾ ತಪಸ್ವಿ |
||
| 260 |
_aBengaluru _bBapko Prakashana _c1982 |
||
| 300 | _aviii,440 | ||
| 690 |
_aKannada Fiction _9193531 |
||
| 906 | _aSG02873 | ||
| 942 |
_2ddc _cBK |
||
| 999 |
_c113809 _d113809 |
||